000 00582nam a22002177a 4500
003 UA-OsUOA
001 56961
007 ta
008 20081120b un ||||| |||| 00| 0 ukr d
100 _aР. Таггарт Мерфи
090 _a32
_bР11
942 _cSA
040 _aUA-OsUOA
_brus
_cUA-OsUOA
_dUA-OsUOA
245 _aЯпония, Соедененные Штаты и азиатский финансовый кризис 1997 года
300 _aС.199-203
955 _a0
041 _arus
080 _a32
773 0 _w56955
650 7 _a32 Політика
_2UDC
999 _c343046
_d343046